000 00489nam a2200181 4500
001 122097
003 ES-MaACL
005 20251011063128.0
007 t|
008 070214s1965 sp r ||||1| spa d
100 1 _aPrieto, Antonio,
_d1930-
_9151033
245 1 0 _aPrólogo a una muerte /
_cAntonio Prieto.
250 _a1ª ed.
260 _aBarcelona :
_bPlaneta,
_c1965.
300 _a256 p. ;
_c19 cm.
852 _aES-MaACL
_jC-28840
_bR.58281
999 _c122097
_d122097